000 00638nam a22001937a 4500
005 20220312114612.0
008 220312b ||||| |||| 00| 0 eng d
020 _a9789948380474
040 _cAL
041 _aEnglish
082 _223
_a155.5
_bKORI
100 _aSusan Koruthu
_923475
245 _aListen Mom and Dad:i am your teen speaking Vol 1
_bA Parent -teen user guide 100 ways to raise a confident high quality teen
260 _aUAE
_bBook land publishing
_c2018
300 _aix,208 p.
_bPB
_c21x14 cm.
440 _aRight Skills-Right Living Series volume 1
_923476
700 _aKORUTHU (Susan)
_923477
942 _2ddc
_cDB
999 _c221839
_d221839